| 000 | 00926cam a2200217 4500500 | ||
|---|---|---|---|
| 005 | 20251228065614.0 | ||
| 041 | _afre | ||
| 042 | _adc | ||
| 100 | 1 | 0 |
_aCheynel, Chloé _eauthor |
| 245 | 0 | 0 | _aAdolescence en exil |
| 260 | _c2020. | ||
| 500 | _a23 | ||
| 520 | _aPahame est un adolescent qu’on a nommé mineur non accompagné. Cela a conditionné son accueil sur le territoire français, son lieu de vie, sa scolarité, sa recherche d’emploi, ses rencontres. C’était ce qu’il aime appeler « sa destinée ». Voici ici conté un bout de ce chemin. | ||
| 690 | _aadolescence | ||
| 690 | _aéducation spécialisée | ||
| 690 | _aexil | ||
| 690 | _aMECS | ||
| 690 | _aMineur non accompagné | ||
| 786 | 0 | _nVST - Vie sociale et traitements | 148 | 4 | 2020-11-18 | p. 104-109 | 0396-8669 | |
| 856 | 4 | 1 | _uhttps://shs.cairn.info/revue-vie-sociale-et-traitements-2020-4-page-104?lang=fr&redirect-ssocas=7080 |
| 999 |
_c1591855 _d1591855 |
||